000 01766nam a22002895i 4500
001 158634
003 ES-MaACL
005 20250725232355.0
008 940202s1779 sp |||| | spa d
040 _aCARM
_bspa
100 _aManrique, Jorge,
_d1440?-1479
_9178074
245 1 0 _aCoplas de Don Jorge Manrique, hechas a la muerte de su padre Don Rodrigo Manrique /
_ccon las glosas en verso a ellas de [Francisco] de Guzman, del P. Don Rodrigo de Valdepeñas, monge Cartujo, del proto-notario Luis Perez, y del licdo. Alonso de Cervantes.
260 _aEn Madrid :
_bpor Don Antonio de Sancha, se hallará en su casa, en la Aduana Vieja,
_c1779.
300 _aXXIV, XLVI, 254 p. ;
_c8º.
500 _aPalau, VIII, 149353.
505 8 _aGlosa primera de las coplas de Don Jorge Manrique / por Francisco de Guzman (p. 21-60) ; Glosa segunda de las coplas de Don Jorge Manrique / hecha por el padre D. Rodrigo de Valdepeñas, ... (p.61-114) ; Glosa tercera de las coplas de Don Jorge Manrique / por el proto-notario Luis Perez (p. 115-203) ; Glosa quarta de las coplas de Don Jorge Manrique / por el licenciado Alonso de Cervantes (p. 200 [i.e. 204]-253 [i.e 257])
530 _aDisponible en formato digital.
597 _aSign.: §8, 2¶4, *-2*8, 3*7, A-Q7.
650 7 _aPoesías españolas
_2embne
_916214
700 1 _aGuzman, Francisco de.
_tGlosas.
_9127674
700 1 1 _aValdepeñas, Rodrigo de
_c, (O. Cart.).
_tGlosas.
_9133496
700 1 1 _aPerez, Luis.
_tGlosas.
_9131020
700 1 1 _aCervantes, Alonso de.
_tGlosas.
_9126427
852 _aES-MaACL
_jR-1470
_z-- Enc. pasta española
_x Olim: G-15870
856 _uhttp://bdh-rd.bne.es/viewer.vm?id=0000115039&page=1
_zBiblioteca Digital Hispánica
999 _c158634
_d158634